000 00295pam a2200145 a 4500
020 _c
041 _aeng
082 _bCHO
100 _aRohini Choudhari.
245 _agautam Buddha
_hTextual Documents
250 _a2011.
260 _a[s.l]:
_bPenguine
300 _a123pg.
930 _a11591
999 _c88494
_d88494